NAME THAT: BOOK - Statistics

General Stats
  • This quiz has been taken 14 times
  • The average score is 2 of 7
Answer Stats
Hint Answer % Correct
A man becomes winter caretaker at the isolated Overlook Hotel in Colorado, hoping to cure his writer's block. He settles in along with his wife and his son who is plagued by psychic premonitions. The shining
80%
A group of teens are mysteriously teleported into a giant, stone maze. Not only has their memory been cleared, but they also have no indication as to why they have ended up in this position and what means they must take to escape. The maze runner
40%
A young girl's coming-of-age story and a darker drama about the roots and consequences of racism and prejudice, probing how good and evil can coexist within a single community or individual. To kill a mockingbird
30%
A brother and Sister discover the tree house and, using the magical books there, they unwittingly travel back into time The magic treehouse
20%
a father and a mother who struggle to survive and rear their children in a post-apocalyptic world inhabited by monsters A quiet place
10%
The story is narrated by a bookstore employee who develops an obsession with an aspiring writer You
10%
The story is a bildungsroman that tells of a naive and idealistic Southern Black youth who goes to Harlem, joins the fight against white oppression, and ends up ignored by his fellow Blacks as well as by whites. Invisible man
0%
No matching quizzes found
Score Distribution
Percent of People with Each Score
Percentile by Number Answered
Your Score History
You have not taken this quiz